00970nac a22002531u 4500010001700000020001500017082001600032090001500048100003400063245008000097250001200177260004600189300007900235500002800314504005300342511002900395538006900424650003000493700002200523700001800545942001800563999001500581952012000596 a 2001133355 a061821999400a616.89bSUE c5911d5911 aSue, David. 10aUnderstanding abnormal behavior /cDavid Sue, Derald Wing Sue, Stanley Sue. a7th ed. aBoston :bHoughton Mifflin,c2003.cc2003. axix, 613, [99] p. :bill. (chiefly col.) ;c29 cm. +e1 CD-ROM (4 3/4 in.) aDistributer : Al-Ahram. aIncludes bibliographical references and indexes. aCatalogued By : Mahitab. aMinimum system requirements: Windows or Macintosh; CD-ROM drive. 0aPsychology, Pathological.1 aSue, Derald Wing.1 aSue, Stanley. cBBk616.89SUE c5911d5911 00104070aMAINbMAINc1STd2007-11-08ePurchasel4m71o616.89SUEp000007001r2025-07-15 00:00:00s2020-03-02yBB